[Event "European Rapid 2022"]
[Site "Katowice POL"]
[Date "2022.12.17"]
[Round "4.23"]
[White "Novotny, Michal"]
[Black "Alonso Rosell, Alvar"]
[Result "0-1"]
[WhiteTitle "FM"]
[BlackTitle "GM"]
[WhiteElo "2250"]
[BlackElo "2561"]
[WhiteFideId "310980"]
[BlackFideId "2270544"]
[EventDate "2022.12.17"]

1. e4 e5 2. Nf3 Nc6 3. Nc3 Nf6 4. d4 exd4 5. Nxd4 Bb4 6. Nxc6 bxc6 7. Bd3 O-O 8.
O-O d5 9. exd5 cxd5 10. h3 Rb8 11. Qf3 Be7 12. b3 Rb6 13. Bf4 Bb7 14. Nb5 d4 15.
Bxc7 Qd7 16. Qg3 Rxb5 17. Bxb5 Qxb5 18. Rfe1 Bb4 19. Re5 Qc6 20. Rg5 g6 21. f3
Bd2 22. Be5 Bxg5 23. Qxg5 Nd5 24. Bxd4 Qxc2 25. Qe5 f6 26. Qe6+ Kg7 27. Bxa7
Qxg2+ 28. Kxg2 Nf4+ 29. Kf2 Nxe6 30. a4 Rc8 31. b4 Rc3 32. a5 Rxf3+ 33. Ke2 Nf4+
34. Kd2 Ba6 35. Rc1 Nd5 36. b5 Bxb5 37. Rc5 Rd3+ 0-1

[Event "European Rapid 2022"]
[Site "Katowice POL"]
[Date "2022.12.17"]
[Round "4.24"]
[White "Gavrilescu, David"]
[Black "Jablonicky, Martin"]
[Result "1-0"]
[WhiteTitle "IM"]
[BlackTitle "FM"]
[WhiteElo "2522"]
[BlackElo "2388"]
[WhiteFideId "1227190"]
[BlackFideId "14925621"]
[EventDate "2022.12.17"]

1. e4 c5 2. Nf3 d6 3. d4 cxd4 4. Qxd4 a6 5. h3 Nc6 6. Qe3 g6 7. Be2 Bh6 8. Qc3
Qa5 9. Qxa5 Nxa5 10. Bxh6 Nxh6 11. Nc3 Be6 12. Nd5 Rc8 13. c3 f5 14. Nd4 Bf7 15.
Bf3 Nc4 16. O-O-O Ne5 17. Rhe1 Nxf3 18. Nxf3 fxe4 19. Rxe4 Bxd5 20. Rxd5 Nf7 21.
Nd4 Kd7 22. f4 b6 23. Ne6 Nd8 24. Ng5 Rc5 25. Rd3 h6 26. Nf3 Nc6 27. g4 b5 28.
Nd2 a5 29. a4 Nb4 30. Rde3 Nd5 31. Re2 Rf8 32. Nb3 Rc4 33. axb5 Rxe4 34. Rxe4
Rxf4 35. Re2 a4 36. Nd2 a3 37. Kb1 Ra4 38. Nb3 Nf4 39. Re3 Nd5 40. Rd3 e6 41.
bxa3 Rxa3 42. Kb2 Ra8 43. c4 Nf4 44. Rd2 e5 45. Kc3 Ke6 46. h4 Rc8 47. Kb4 d5
48. c5 d4 49. b6 Nd5+ 50. Kb5 Nc3+ 51. Kc4 Nd5 52. b7 Rb8 53. Na5 1-0

[Event "European Rapid 2022"]
[Site "Katowice POL"]
[Date "2022.12.17"]
[Round "4.25"]
[White "Peyrer, Konstantin"]
[Black "Huzman, Alexander"]
[Result "1/2-1/2"]
[WhiteTitle "FM"]
[BlackTitle "GM"]
[WhiteElo "2380"]
[BlackElo "2526"]
[WhiteFideId "1640879"]
[BlackFideId "2803828"]
[EventDate "2022.12.17"]

1. d4 Nf6 2. c4 e6 3. Nf3 d5 4. g3 Bb4+ 5. Bd2 Be7 6. Bg2 O-O 7. O-O c6 8. Qc2
a5 9. Bf4 Nh5 10. Bd2 Nf6 11. Bf4 Nbd7 12. Rd1 Nh5 13. Be3 Nhf6 14. Nc3 dxc4 15.
a4 Nd5 16. Bd2 b6 17. Ne4 Ba6 18. Neg5 g6 19. h4 Bf6 20. h5 c3 21. bxc3 Bxe2 22.
hxg6 hxg6 23. Nxe6 Bxd1 24. Rxd1 fxe6 25. Qxg6+ Bg7 26. Qxe6+ Rf7 27. Qxc6 Ne7
28. Qe6 Nf8 29. Qb3 Qd5 30. Qxd5 Nxd5 31. Ne5 Rd8 32. Nxf7 Kxf7 33. c4 Nb4 34.
d5 Nd7 35. Rb1 Bd4 36. Bxb4 axb4 37. Rxb4 Ne5 38. a5 bxa5 39. Rb5 Nxc4 40. Bf1
Rc8 41. Bxc4 Rxc4 42. Rxa5 Rc2 43. Kg2 Rxf2+ 44. Kh3 Ke7 45. Ra6 Rf5 46. Re6+
Kd7 47. g4 Rxd5 48. Re1 Bf6 49. Kg3 Bg5 50. Kf3 Kd6 51. Ra1 Rd4 52. Ra5 Bd2 53.
Rf5 Ke6 54. Kg3 Bb4 55. Rf1 Be7 56. Rf5 Bf6 57. Rf1 Rd5 58. Rf5 Rd3+ 59. Rf3
Bh4+ 60. Kg2 Rd2+ 61. Kh3 Bf6 62. Kg3 Rd1 63. Kg2 Bd8 64. Rf8 Bf6 65. Kg3 Rg1+
66. Kf4 Rf1+ 67. Ke4 Ke7 68. Ra8 Bg5 69. Rg8 Bc1 70. Rc8 Kf7 71. Kd3 Kg6 72. Ke2
Rh1 73. Rg8+ Kf7 74. Rc8 Bg5 75. Kf3 Rf1+ 76. Kg2 Rd1 77. Kf3 Rd3+ 78. Ke4 Rd6
79. Rc5 Kg6 80. Rd5 Ra6 81. Rb5 Ra4+ 82. Kf3 Ra3+ 83. Kg2 Bf4 84. Kf2 Rg3 85.
Ra5 Rc3 86. Rd5 Bc7 87. Rf5 Bd6 88. Rd5 Bc7 89. Rf5 Bd8 90. Rf8 Bh4+ 91. Kg2
Rc2+ 92. Kh3 Be7 93. Rg8+ Kh7 94. Re8 Bd6 95. g5 Rc4 96. Re6 Bc7 97. Rh6+ Kg7
98. Re6 Bd8 99. Kg3 Bxg5 100. Kf3 Kf7 101. Re4 Rc3+ 102. Ke2 Kf6 103. Ra4 Kf5
104. Ra5+ Kg4 105. Rb5 Bf4 106. Rd5 Re3+ 107. Kd1 Kf3 108. Kc2 Ke4 109. Rd8 Be5
110. Rd2 Rc3+ 111. Kd1 Bd4 112. Re2+ Be3 113. Rc2 Rb3 114. Rh2 Rb1+ 115. Kc2
Rc1+ 116. Kb2 Rc8 117. Rh7 Kd3 118. Rh3 Rb8+ 119. Ka2 Kd4 120. Rg3 Bd2 121. Rb3 1/2-1/2

[Event "European Rapid 2022"]
[Site "Katowice POL"]
[Date "2022.12.17"]
[Round "4.26"]
[White "Berend, Elvira"]
[Black "Keinanen, Toivo"]
[Result "1-0"]
[WhiteTitle "WGM"]
[BlackTitle "IM"]
[WhiteElo "2318"]
[BlackElo "2508"]
[WhiteFideId "4000510"]
[BlackFideId "509825"]
[EventDate "2022.12.17"]

1. e4 e6 2. d4 d5 3. exd5 exd5 4. Nf3 Nf6 5. Bd3 c5 6. O-O c4 7. Re1+ Be7 8. Bf1
O-O 9. b3 cxb3 10. axb3 Nc6 11. c3 Bg4 12. h3 Bh5 13. Be2 Re8 14. Ne5 Bxe2 15.
Rxe2 Qc7 16. Bb2 a6 17. Nd2 Bd6 18. Nxc6 Qxc6 19. Nf1 Ne4 20. Qd3 Rac8 21. Rae1
b5 22. Qf3 Red8 23. Rc1 Ng5 24. Qf5 Ne6 25. Ree1 Be7 26. g3 Qd7 27. Kg2 Bg5 28.
Ne3 a5 29. f4 Be7 30. Ng4 Nf8 31. Qd3 Bd6 32. Ra1 a4 33. bxa4 bxa4 34. Ba3 Bxa3
35. Rxa3 f6 36. Rea1 Ra8 37. Ne3 Ne6 38. Qc2 Qe8 39. Kf2 Rdc8 40. Qf5 Qc6 41.
Qxd5 Qxd5 42. Nxd5 Rcb8 43. Rxa4 Rb2+ 44. Kf3 Rd8 45. Ra8 Rxa8 46. Rxa8+ Kf7 47.
Ra7+ Kg6 48. Ne7+ Kh5 49. Nf5 Kg6 50. d5 Nc5 51. Rxg7+ 1-0

[Event "European Rapid 2022"]
[Site "Katowice POL"]
[Date "2022.12.17"]
[Round "4.27"]
[White "Sebenik, Matej"]
[Black "Spalir, Jernej"]
[Result "1-0"]
[WhiteTitle "GM"]
[BlackTitle "IM"]
[WhiteElo "2538"]
[BlackElo "2377"]
[WhiteFideId "14602296"]
[BlackFideId "14606518"]
[EventDate "2022.12.17"]

1. d4 d5 2. Nf3 Nf6 3. Bf4 e6 4. e3 c5 5. c3 Nc6 6. Nbd2 cxd4 7. exd4 Nh5 8. Be3
Bd6 9. Ne5 g6 10. Nd3 Ng7 11. g3 b6 12. Bg2 O-O 13. O-O Ba6 14. Nf3 Nf5 15. Bc1
Re8 16. Re1 Bf8 17. Nde5 Nxe5 18. dxe5 Bh6 19. Bxh6 Nxh6 20. Qd2 Kg7 21. h4 Rc8
22. Bh3 Bb7 23. Nd4 a6 24. Re3 Nf5 25. Bxf5 gxf5 26. Rf3 Kh8 27. Rf4 Rc4 28. Rd1
b5 29. Qe3 Rg8 30. Nf3 Qc7 31. Rfd4 Qe7 32. a3 Rg4 33. Rxg4 Rxg4 34. Rd4 Re4 35.
Qh6 Kg8 36. Ng5 Re1+ 37. Kh2 Qc7 38. Nxh7 1-0

[Event "European Rapid 2022"]
[Site "Katowice POL"]
[Date "2022.12.17"]
[Round "4.28"]
[White "Dvirnyy, Danyyil"]
[Black "Yao, Lan"]
[Result "1-0"]
[WhiteTitle "GM"]
[BlackTitle "WIM"]
[WhiteElo "2530"]
[BlackElo "2271"]
[WhiteFideId "817570"]
[BlackFideId "8610835"]
[EventDate "2022.12.17"]

1. d4 Nf6 2. c4 e6 3. Nc3 Bb4 4. e3 O-O 5. Bd3 c5 6. a3 Bxc3+ 7. bxc3 b6 8. Ne2
Bb7 9. O-O Nc6 10. e4 Ne8 11. Be3 d6 12. Ng3 Na5 13. f4 Ba6 14. Qe2 Rc8 15. d5
Qd7 16. e5 f5 17. exf6 Nxf6 18. Rae1 Rce8 19. Nh5 exd5 20. Nxf6+ Rxf6 21. cxd5
Bxd3 22. Qxd3 Qf5 23. Qd1 Nc4 24. Bc1 Ref8 25. h3 R6f7 26. g4 Qb1 27. a4 Qa1 28.
Qb3 Na5 29. Qc2 b5 30. axb5 Nc4 31. Re4 Nb6 32. c4 Qa5 33. Bb2 Qa4 34. Qd3 Qb4
35. Ba3 Qa4 36. f5 a6 37. bxa6 Qxa6 38. Bc1 Nd7 39. Bf4 Rb8 40. Re6 Rb6 41. Rfe1
Nf8 42. Re8 Rb2 43. Qe4 Qa3 44. Qe6 Qa4 45. Rxf8+ 1-0

[Event "European Rapid 2022"]
[Site "Katowice POL"]
[Date "2022.12.17"]
[Round "4.29"]
[White "Mis, Mieszko"]
[Black "Nasuta, Grzegorz"]
[Result "1/2-1/2"]
[WhiteTitle "FM"]
[BlackTitle "GM"]
[WhiteElo "2389"]
[BlackElo "2546"]
[WhiteFideId "1196448"]
[BlackFideId "1141686"]
[EventDate "2022.12.17"]

1. c4 c6 2. e4 d5 3. exd5 cxd5 4. d4 Nf6 5. Nc3 Nc6 6. Nf3 g6 7. cxd5 Nxd5 8.
Qb3 e6 9. Bb5 Bg7 10. O-O O-O 11. Bxc6 bxc6 12. Ne4 Ba6 13. Re1 Qb6 14. Nc5 Qxb3
15. axb3 Bb5 16. Bd2 Rfd8 17. Ba5 Re8 18. g3 Bf8 19. Bc3 a6 20. Nd2 e5 21. Nf3
Nxc3 22. bxc3 exd4 23. cxd4 Bg7 24. Re3 Bh6 25. Rxe8+ Rxe8 26. Ne5 Rd8 27. Rd1
Bf8 28. Ne4 Be7 29. Nc3 f6 30. Nxb5 fxe5 31. Na7 Bf6 32. Nxc6 Rd5 33. Nb4 Rb5
34. dxe5 Rxb4 35. exf6 Rxb3 36. Rd7 Rb6 37. f7+ Kf8 38. Ra7 Rf6 39. Kg2 g5 40.
h3 h6 41. Kf1 Kg7 42. Ke2 Re6+ 43. Kf3 Rf6+ 44. Ke3 Re6+ 45. Kd4 Rf6 46. Ke3
Re6+ 47. Kf3 Rf6+ 48. Kg2 Kf8 49. h4 g4 50. Kf1 Kg7 51. Ke2 Re6+ 52. Kd3 Rf6 53.
Ke3 Rf3+ 54. Ke2 Rf6 55. h5 Re6+ 56. Kd2 Rf6 57. Ke3 Rf3+ 58. Ke4 Rxf7 59. Rxa6
Rxf2 60. Rg6+ Kh7 61. Rxg4 Rh2 62. Rh4 Rxh4+ 63. gxh4 Kg7 64. Ke5 Kf7 65. Kf5
Kg7 66. Ke6 Kh7 67. Kf6 Kh8 68. Kg6 Kg8 69. Kxh6 Kh8 70. Kg6 Kg8 71. h6 Kh8 72.
h7 1/2-1/2

[Event "European Rapid 2022"]
[Site "Katowice POL"]
[Date "2022.12.17"]
[Round "4.30"]
[White "Dragnev, Valentin"]
[Black "Czerw, Dawid"]
[Result "1-0"]
[WhiteTitle "GM"]
[BlackTitle "IM"]
[WhiteElo "2556"]
[BlackElo "2373"]
[WhiteFideId "1634852"]
[BlackFideId "1145746"]
[EventDate "2022.12.17"]

1. e4 c5 2. Nc3 Nc6 3. Nf3 Nf6 4. Bb5 Nd4 5. e5 Nxb5 6. Nxb5 Nd5 7. O-O a6 8. c4
Nc7 9. Nc3 e6 10. d4 cxd4 11. Ne4 d5 12. exd6 Bxd6 13. Qxd4 Bf8 14. Qb6 f5 15.
Bg5 Be7 16. Bxe7 Qxe7 17. Nd6+ Kf8 18. Ne5 Ne8 19. Nxe8 Qxe8 20. Rad1 Ke7 21.
Rfe1 a5 22. Qc7+ Kf6 23. Rd8 Qxd8 24. Qf7+ Kg5 25. Qxg7+ Kh5 26. g4+ fxg4 27.
Qxg4+ Kh6 28. Nf7# 1-0

[Event "European Rapid 2022"]
[Site "Katowice POL"]
[Date "2022.12.17"]
[Round "4.31"]
[White "Maly, Alexey"]
[Black "Tazbir, Marcin"]
[Result "0-1"]
[WhiteTitle "IM"]
[BlackTitle "GM"]
[WhiteElo "2370"]
[BlackElo "2508"]
[WhiteFideId "14103184"]
[BlackFideId "1122452"]
[EventDate "2022.12.17"]

1. d4 d5 2. c4 dxc4 3. e3 Nf6 4. Bxc4 a6 5. Nf3 b5 6. Be2 Bb7 7. O-O Nbd7 8. a4
b4 9. b3 e6 10. Bb2 c5 11. Nbd2 Be7 12. Rc1 Rc8 13. Nc4 O-O 14. Nfe5 cxd4 15.
Bxd4 Nc5 16. a5 Nd5 17. Qc2 f6 18. Nf3 e5 19. Ba1 Qe8 20. Rfd1 Qg6 21. Qa2 Kh8
22. Nh4 Qe4 23. Bf3 Qxh4 24. Bxd5 Bxd5 25. Rxd5 Rcd8 26. Rcd1 Qe4 27. Nb6 Rxd5
28. Nxd5 Rd8 29. f3 Rxd5 30. fxe4 Rxd1+ 31. Kf2 Rd2+ 32. Qxd2 Nxe4+ 33. Ke2 Nxd2
34. Kxd2 e4 35. Bd4 Kg8 36. Ke2 Kf7 37. g4 Ke6 38. Bb6 Kd5 39. Kf2 Bc5 40. Bd8
Kc6 41. g5 f5 42. h4 f4 0-1

[Event "European Rapid 2022"]
[Site "Katowice POL"]
[Date "2022.12.17"]
[Round "4.32"]
[White "Abdrlauf, Elham"]
[Black "Voege, Tobias"]
[Result "1-0"]
[WhiteTitle "IM"]
[BlackTitle "FM"]
[WhiteElo "2518"]
[BlackElo "2300"]
[WhiteFideId "1533533"]
[BlackFideId "1270513"]
[EventDate "2022.12.17"]

1. e4 e6 2. d4 d5 3. Nc3 Nf6 4. Bg5 dxe4 5. Nxe4 Nbd7 6. Nf3 h6 7. Nxf6+ Nxf6 8.
Be3 Bd6 9. Bd3 Nd5 10. Qe2 Bd7 11. Bd2 Qf6 12. Be4 O-O-O 13. O-O-O Bc6 14. g3
Ne7 15. Rhe1 Rhe8 16. c4 Bxe4 17. Qxe4 Nc6 18. Bc3 Bb4 19. Re2 Qe7 20. d5 Bxc3
21. dxc6 Qb4 22. cxb7+ Kb8 23. Rxd8+ Rxd8 24. Qc2 Bf6 25. Nd2 Rd4 26. a3 Qxb7
27. Kb1 g6 28. Ka2 Qc6 29. Re3 Ka8 30. Rb3 h5 31. Qc3 e5 32. Qb4 Rd8 33. c5 Be7
34. Nc4 f6 35. Na5 Qd5 36. Qb5 Bxc5 37. Nc6 Bb6 38. Nxd8 Qxd8 39. a4 a5 40. Qa6+
Kb8 41. Qxa5 Qd4 42. Qb5 Kc8 43. a5 Ba7 44. Qe8+ Qd8 45. Qxg6 Qf8 46. Qf5+ Kd8
47. Qd3+ Ke8 48. Rb7 Qc5 49. Qb5+ 1-0

[Event "European Rapid 2022"]
[Site "Katowice POL"]
[Date "2022.12.17"]
[Round "4.33"]
[White "Vardanyan, Aras"]
[Black "Licznerski, Lukasz"]
[Result "0-1"]
[WhiteTitle "CM"]
[BlackTitle "IM"]
[WhiteElo "2271"]
[BlackElo "2441"]
[WhiteFideId "12808792"]
[BlackFideId "1179250"]
[EventDate "2022.12.17"]

1. c4 c6 2. Nf3 Nf6 3. Nc3 d5 4. e3 e6 5. Qc2 c5 6. cxd5 exd5 7. d4 Nc6 8. Bb5
cxd4 9. exd4 Be7 10. Ne5 Bd7 11. Bxc6 Bxc6 12. Nxc6 bxc6 13. O-O O-O 14. Bg5 h6
15. Bh4 Nh5 16. Bxe7 Qxe7 17. Rfe1 Qf6 18. Qa4 Nf4 19. Re3 Rfe8 20. Rae1 Rxe3
21. Rxe3 Qg6 22. g3 Nh3+ 23. Kg2 Ng5 24. Qa6 Qd6 25. b3 Qd7 26. h4 Ne6 27. Ne2
Rb8 28. Rc3 Rb6 29. Qa4 Qb7 30. Qa3 Ra6 31. Qb2 Qb4 32. Qd2 Kf8 33. Rc2 Qxd2 34.
Rxd2 Rb6 35. Kf3 a5 36. Nc3 Rb4 37. Ke3 h5 38. Na4 Ke7 39. Rd3 Kd6 40. a3 Rb8
41. Rc3 g6 42. Nb2 c5 43. dxc5+ Nxc5 44. Kf4 Nxb3 45. Nd3 f6 46. g4 Nd4 47. Ke3
Nc6 48. Kf4 Nd4 49. Ke3 Nb5 50. Rc5 Nxa3 51. gxh5 gxh5 52. Rc3 d4+ 0-1

[Event "European Rapid 2022"]
[Site "Katowice POL"]
[Date "2022.12.17"]
[Round "4.34"]
[White "Karas, Marek"]
[Black "Seo, Jung Min"]
[Result "1/2-1/2"]
[WhiteTitle "FM"]
[BlackTitle "IM"]
[WhiteElo "2240"]
[BlackElo "2502"]
[WhiteFideId "14928558"]
[BlackFideId "1734687"]
[EventDate "2022.12.17"]

1. d4 Nf6 2. Nf3 g6 3. Nc3 d5 4. Bf4 c6 5. e3 Bg7 6. Be2 Bg4 7. h3 Bxf3 8. Bxf3
Nbd7 9. O-O O-O 10. Qd2 Re8 11. e4 dxe4 12. Nxe4 Nxe4 13. Bxe4 e5 14. dxe5 Bxe5
15. Bxe5 Nxe5 16. Qxd8 Raxd8 17. Rad1 Nc4 18. Rxd8 Rxd8 19. b3 Rd4 20. Re1 Ne5
21. f4 Nd7 22. f5 Nc5 23. Bf3 Rd2 24. fxg6 hxg6 25. b4 Ne6 26. Re2 Rd4 27. a3
Rd1+ 28. Kf2 Ra1 29. Re3 Ra2 30. Bd1 Kf8 31. Ke1 Nd4 32. Kd2 Nb5 33. Be2 Nxa3
34. Bd3 Nb5 35. Bxb5 cxb5 36. Re5 a6 37. Rc5 Ra1 38. Ke2 Rg1 39. Kf2 Rb1 40. c3
Rb2+ 41. Kg1 Re2 42. Rc7 Re7 43. Rc8+ Kg7 44. Kf2 Kf6 45. Rc5 Re6 46. Rc7 Rc6
47. Rxb7 Rxc3 48. Rb6+ Ke5 49. Rxa6 Rb3 50. Ra7 f6 51. Rg7 Kf5 52. Rc7 Rxb4 53.
Rc5+ Ke6 54. Rc6+ Ke5 55. Rc5+ Kd6 56. Rc8 Rf4+ 57. Ke3 g5 58. Rb8 Kc5 59. g3
Rf1 60. h4 gxh4 61. gxh4 b4 62. h5 Kc4 63. h6 Rh1 64. Rh8 Rh3+ 65. Kf4 b3 66. h7
b2 67. Rb8 Kc3 68. Rc8+ Kd2 69. Rb8 Rxh7 70. Rxb2+ 1/2-1/2

[Event "European Rapid 2022"]
[Site "Katowice POL"]
[Date "2022.12.17"]
[Round "4.35"]
[White "Klekowski, Maciej"]
[Black "Cukrowski, Filip"]
[Result "1-0"]
[WhiteTitle "GM"]
[BlackTitle "FM"]
[WhiteElo "2477"]
[BlackElo "2402"]
[WhiteFideId "1132717"]
[BlackFideId "1171097"]
[EventDate "2022.12.17"]

1. c4 Nf6 2. Nf3 c5 3. g3 b6 4. Bg2 Bb7 5. O-O g6 6. Nc3 Qc8 7. d3 Bg7 8. e4 d6
9. h3 O-O 10. Be3 Nc6 11. Rc1 Nd7 12. Qd2 Re8 13. Nh4 Nd4 14. f4 e6 15. Nf3 f5
16. Bxd4 cxd4 17. Nb5 Qc6 18. exf5 gxf5 19. Nh4 d5 20. Nxf5 Nc5 21. Nxg7 Kxg7
22. b4 Na6 23. f5 Qd7 24. Nxd4 e5 25. Ne6+ Kh8 26. cxd5 Bxd5 27. Bxd5 Qxd5 28.
Qh6 1-0

[Event "European Rapid 2022"]
[Site "Katowice POL"]
[Date "2022.12.17"]
[Round "4.36"]
[White "Solys, Laimutis"]
[Black "Gaehwiler, Gabriel"]
[Result "1-0"]
[WhiteTitle "FM"]
[BlackTitle "IM"]
[WhiteElo "2289"]
[BlackElo "2408"]
[WhiteFideId "12800368"]
[BlackFideId "1314530"]
[EventDate "2022.12.17"]

1. e4 c5 2. Nf3 d6 3. d4 cxd4 4. Nxd4 Nf6 5. Nc3 a6 6. h3 e6 7. g4 Nfd7 8. Bg2
Be7 9. Be3 Nc6 10. O-O O-O 11. Qd2 Qc7 12. f4 Nxd4 13. Bxd4 b5 14. a4 b4 15. Ne2
a5 16. c3 Nc5 17. Qd1 Bb7 18. cxb4 axb4 19. Rc1 Bc6 20. Bxc5 dxc5 21. b3 Rfd8
22. Qc2 Bb7 23. Rfd1 Ba6 24. e5 Rac8 25. Ng3 c4 26. bxc4 Qb6+ 27. Kh2 b3 28. Qb2
Rxd1 29. Rxd1 Qe3 30. Qd2 Qxd2 31. Rxd2 Bxc4 32. Rd7 Ba3 33. Rb7 b2 34. Be4 Bd5
35. Bxd5 exd5 36. Nf5 g6 37. Nd6 Rd8 38. Nxf7 Rd7 39. Nh6+ Kf8 40. Rb8+ Ke7 41.
f5 d4 42. Ng8+ Kf7 43. e6+ Kg7 44. exd7 Bd6+ 45. Kg2 Bxb8 46. d8=Q b1=Q 47. f6+
Kf7 48. Qe7+ 1-0

[Event "European Rapid 2022"]
[Site "Katowice POL"]
[Date "2022.12.17"]
[Round "4.37"]
[White "Stefanova, Antoaneta"]
[Black "Bazakutsa, Svyatoslav"]
[Result "0-1"]
[WhiteTitle "GM"]
[WhiteElo "2442"]
[BlackElo "2318"]
[WhiteFideId "2902257"]
[BlackFideId "14198525"]
[EventDate "2022.12.17"]

1. Nf3 Nf6 2. g3 g6 3. Bg2 Bg7 4. d4 O-O 5. O-O d6 6. a4 Nc6 7. a5 e5 8. dxe5
dxe5 9. a6 e4 10. Ng5 Qe7 11. c3 h6 12. Nh3 bxa6 13. Qa4 Bb7 14. Nd2 Rfe8 15.
Nc4 Nd7 16. Nf4 Nb6 17. Qb3 Qc5 18. Ne3 Ne5 19. Qc2 Nec4 20. Nxc4 Nxc4 21. b3
Nd6 22. Bb2 e3 23. f3 Rad8 24. c4 Bxb2 25. Qxb2 Nf5 26. Qc3 Rd2 27. Rfe1 Nd4 28.
b4 Qe5 29. Rac1 g5 30. Nd3 Nxe2+ 31. Rxe2 Qxc3 32. Rxc3 Rxe2 33. Rc1 Rd8 34. Nc5
Rxg2+ 35. Kxg2 Rd2+ 36. Kh3 Bxf3 37. g4 e2 38. Kg3 Rd1 39. Kxf3 e1=Q 0-1

[Event "European Rapid 2022"]
[Site "Katowice POL"]
[Date "2022.12.17"]
[Round "4.38"]
[White "Trybus, Daniel"]
[Black "Subelj, Jan"]
[Result "0-1"]
[BlackTitle "IM"]
[WhiteElo "2258"]
[BlackElo "2492"]
[WhiteFideId "21816131"]
[BlackFideId "14618583"]
[EventDate "2022.12.17"]

1. e4 e6 2. d4 d5 3. Nd2 c5 4. exd5 Qxd5 5. dxc5 Nf6 6. Ngf3 Qxc5 7. Bd3 Be7 8.
O-O O-O 9. Qe2 Qc7 10. Ne4 Nbd7 11. b3 b6 12. Bb2 Bb7 13. Rad1 Nd5 14. Qd2 Rad8
15. c4 Nf4 16. Bb1 f5 17. Nd6 Bxf3 18. gxf3 Bg5 19. Kh1 Qc6 20. Qc3 Bf6 21. Qe3
Bxb2 22. Qxf4 Ne5 23. Nxf5 exf5 24. Bxf5 Rxd1 25. Rxd1 Qf6 0-1

[Event "European Rapid 2022"]
[Site "Katowice POL"]
[Date "2022.12.17"]
[Round "4.39"]
[White "Blohberger, Felix"]
[Black "Hrabinska, Myroslava"]
[Result "1-0"]
[WhiteTitle "GM"]
[BlackTitle "WGM"]
[WhiteElo "2490"]
[BlackElo "2210"]
[WhiteFideId "1632051"]
[BlackFideId "14109190"]
[EventDate "2022.12.17"]

1. d4 d5 2. c4 e6 3. Nc3 c5 4. cxd5 cxd4 5. Qa4+ Bd7 6. Qxd4 exd5 7. Qxd5 Nc6 8.
Nf3 Nf6 9. Qb3 Na5 10. Qc2 Rc8 11. Bg5 Qb6 12. e3 Be7 13. Be2 Nc4 14. Bxc4 Rxc4
15. Ne5 Rc7 16. Nxd7 Rxd7 17. O-O O-O 18. Rfd1 Rxd1+ 19. Rxd1 Rc8 20. Qe2 Kf8
21. h3 a6 22. Bf4 Qe6 23. Qd3 Rd8 24. Qb1 Rc8 25. Bg5 g6 26. Bh6+ Ke8 27. Ne2
Nd5 28. a3 f5 29. Nd4 Qf7 30. Nf3 Nf6 31. Bg5 Ne4 32. Bxe7 Kxe7 33. Qd3 Qe6 34.
Qd4 Kf7 35. Qxe4 Qxe4 36. Ng5+ Kf6 37. Nxe4+ fxe4 38. Rd7 Rc1+ 39. Kh2 Rc2 40.
Kg3 Rxb2 41. Rxh7 Rb3 42. a4 Rb4 43. a5 Rb5 44. Kf4 Rxa5 45. Rxb7 Rf5+ 46. Kg3
Rg5+ 47. Kh2 Ra5 48. g4 Ra1 49. h4 a5 50. Rb6+ Kf7 51. Ra6 a4 52. Kg3 a3 53. Kf4
Rf1 54. Rxa3 Rxf2+ 55. Kg5 Rf3 56. Ra7+ Ke6 57. Kxg6 Rxe3 58. h5 Rh3 59. h6 e3
60. h7 Ke5 61. g5 Kf4 62. Ra4+ Kf3 63. Kg7 e2 64. Ra1 Kf4 65. g6 Kf5 66. h8=Q 1-0

[Event "European Rapid 2022"]
[Site "Katowice POL"]
[Date "2022.12.17"]
[Round "4.41"]
[White "Ziska, Helgi Dam"]
[Black "Hrebenshchykova, Yelyzaveta"]
[Result "1/2-1/2"]
[WhiteTitle "GM"]
[WhiteElo "2546"]
[BlackElo "2289"]
[WhiteFideId "7200595"]
[BlackFideId "14159899"]
[EventDate "2022.12.17"]

1. e4 c5 2. Nf3 e6 3. g3 Nc6 4. Bg2 Nf6 5. Qe2 d5 6. exd5 Nxd5 7. O-O Be7 8. Rd1
Nf6 9. c3 O-O 10. d4 cxd4 11. Nxd4 Nxd4 12. Rxd4 Qb6 13. Be3 Bc5 14. Rb4 Qd6 15.
Bxc5 Qxc5 16. Bxb7 Rb8 17. Rc4 Qg5 18. Bxc8 Qc1+ 19. Kg2 Rxb2 20. Qf1 Qe3 21.
Rb4 Rc2 22. Bb7 Rd8 23. Bf3 h5 24. Na3 Rxf2+ 25. Qxf2 Rd2 26. Rf1 Qxc3 27. Rb8+
Kh7 28. Be2 Ng4 29. Qf3 Qe5 30. Rb5 Rxe2+ 31. Rf2 Rxf2+ 32. Qxf2 Qe4+ 33. Qf3
Ne3+ 34. Kf2 Ng4+ 35. Kg2 Ne3+ 36. Kf2 1/2-1/2

[Event "European Rapid 2022"]
[Site "Katowice POL"]
[Date "2022.12.17"]
[Round "4.42"]
[White "Paszewski, Mateusz"]
[Black "Mastrovasilis, Dimitrios"]
[Result "0-1"]
[WhiteTitle "FM"]
[BlackTitle "GM"]
[WhiteElo "2282"]
[BlackElo "2605"]
[WhiteFideId "1141058"]
[BlackFideId "4202694"]
[EventDate "2022.12.17"]

1. Nf3 d5 2. g3 Nd7 3. d4 b5 4. a4 b4 5. Bg2 Ngf6 6. O-O e6 7. c4 bxc3 8. bxc3
Ba6 9. Nbd2 Bd6 10. Ba3 O-O 11. Re1 Qe7 12. Qc1 Rac8 13. e4 dxe4 14. Ng5 Bxa3
15. Rxa3 c5 16. Qb2 Rb8 17. Rb3 Rxb3 18. Qxb3 Rb8 19. Qa3 Nd5 20. Ngxe4 cxd4 21.
Qxe7 Nxe7 22. cxd4 Rb4 23. Nc5 Rxd4 24. Nxa6 Rxd2 25. Rc1 g5 26. Rc7 Nf5 27. Be4
Ne5 28. Rxa7 Ng4 29. Bxf5 exf5 30. Nc5 Nxf2 31. Rd7 Rc2 32. Rd5 Nh3+ 33. Kf1 f4
34. gxf4 gxf4 35. Rh5 Rxh2 36. Nd3 f3 37. Ke1 Rh1+ 38. Kd2 Rh2+ 39. Kc3 Kg7 40.
a5 f2 41. Nxf2 Rxf2 42. Rxh3 Ra2 43. Kb4 f5 44. Ra3 Rxa3 45. Kxa3 f4 46. a6 f3
47. a7 f2 48. a8=Q f1=Q 49. Kb2 h5 50. Kc3 h4 51. Kd2 h3 52. Qa7+ Kg6 53. Qb6+
Kh5 54. Qc5+ Kg4 55. Qc8+ Qf5 56. Qh8 Qe4 57. Qg7+ Kf3 58. Qh8 Qf4+ 59. Kd3 Kg2
60. Ke2 Qf2+ 61. Kd3 h2 0-1

[Event "European Rapid 2022"]
[Site "Katowice POL"]
[Date "2022.12.17"]
[Round "4.43"]
[White "Mikhalchishin, Adrian"]
[Black "Czernek, Tymon"]
[Result "0-1"]
[WhiteTitle "GM"]
[BlackTitle "FM"]
[WhiteElo "2455"]
[BlackElo "2302"]
[WhiteFideId "14602385"]
[BlackFideId "1199510"]
[EventDate "2022.12.17"]

1. d4 Nf6 2. Nf3 d5 3. c4 c6 4. Nc3 dxc4 5. a4 Bf5 6. e3 e6 7. Bxc4 Bb4 8. O-O
O-O 9. Bd3 Bxd3 10. Qxd3 c5 11. Na2 Ba5 12. Qb5 cxd4 13. Qxb7 dxe3 14. Qxa8 e2
15. Be3 exf1=Q+ 16. Rxf1 Bb6 17. Qb7 Bxe3 18. fxe3 Qd5 19. Qxd5 Nxd5 20. e4 Nb6
21. a5 Nc4 22. b4 Rc8 23. Rc1 Nd6 24. Rxc8+ Nxc8 25. Kf2 Kf8 26. Ke3 Ke7 27. Nd4
Nd6 28. e5 Nc4+ 29. Ke4 f5+ 30. exf6+ gxf6 31. Nc3 f5+ 32. Kd3 Ne5+ 33. Kc2 Nec6
34. Nxc6+ Nxc6 35. Kb3 e5 36. Kc4 Kd6 37. a6 e4 38. Nb5+ Ke5 39. Kc5 Nb8 40.
Nxa7 e3 0-1